Revista del Ateneo Obrero de Barcelona
Descripción Física:
3 vols. ; il·lustracions i fotografies b/n ; periodicitat: mensual ; 32 cm
Idioma:
Español
MARC
| LEADER | 00000nas a2200000 a 4500 | ||
|---|---|---|---|
| 001 | 28256 | ||
| 003 | AGDB | ||
| 005 | 20260324180157.0 | ||
| 008 | 160829s1891 - 1912 xx 000 0 cat d | ||
| 040 | |a agdb |b cat | ||
| 041 | |a spa | ||
| 080 | |a Revistes | ||
| 245 | |a Revista del Ateneo Obrero de Barcelona | ||
| 260 | |a Barcelona : |b La Neotipia : |b Ateneo Obrero de Barcelona ; |c 1891-1912 | ||
| 300 | |a 3 vols. ; |b il·lustracions i fotografies b/n ; periodicitat: mensual ; |c 32 cm | ||
| 310 | |a Mensual | ||
| 590 | |a Descripció basada en: 3a época, núm. 234 (mayo 1910). | ||
| 590 | |a Prové de 2291, exp. 6. | ||
| 590 | |a El núm. 206 és un número extraordinari: en conmemoración del XXV aniversario de la fundación de este Ateneo. | ||
| 650 | |a Ateneu Obrer de Barcelona |x Revistes |9 48600 | ||
| 655 | 0 | |9 55823 |a Revistes | |
| 710 | |a Ateneu Obrer de Barcelona |9 69878 | ||
| 866 | |a 3a època: 1908 (206) | ||
| 866 | |a 3a època: 1910 (234, 235) | ||
| 901 | |a Arxiu | ||
| 942 | |n 1 |2 udc |c REV | ||
| 952 | |0 0 |1 0 |4 0 |6 REV2301 |7 1 |9 54689 |a Arxiu |b Arxiu |d 2023-08-23 |h Núm. 206 (extraordinari gener 1908) ; Núm. 234 (maig 1910) - Núm. 235 (juny 1910) |o Rev-2301 |p 28256 |r 2016-12-01 00:00:00 |w 2016-12-01 |y ARXIU | ||
| 999 | |c 58558 |d 58558 | ||